Online katalóg knižníc regiónu Turca

Moja kniha pokusov. Svetlo (Record no. 21529)

MARC details
000 -LEADER
fixed length control field 01303nam a2200385 a 4500
001 - CONTROL NUMBER
control field 21529
003 - CONTROL NUMBER IDENTIFIER
control field VRT
005 - DATE AND TIME OF LATEST TRANSACTION
control field 20260303152853.0
008 - FIXED-LENGTH DATA ELEMENTS--GENERAL INFORMATION
fixed length control field 250414s1992 xo 0 slo
015 ## - NATIONAL BIBLIOGRAPHY NUMBER
National bibliography number SNBA1992/12
020 ## - INTERNATIONAL STANDARD BOOK NUMBER
International Standard Book Number 807150033X
Qualifying information (brož.)
035 ## - SYSTEM CONTROL NUMBER
System control number SNK000012523
039 #9 - LEVEL OF BIBLIOGRAPHIC CONTROL AND CODING DETAIL [OBSOLETE]
Level of rules in bibliographic description 202510201013
Level of effort used to assign nonsubject heading access points AUTHORITY
Level of effort used to assign subject headings 202504141453
Level of effort used to assign classification VLOAD
Level of effort used to assign subject headings 202403151931
Level of effort used to assign classification VLOAD
Level of effort used to assign subject headings 201306201121
Level of effort used to assign classification VLOAD
040 ## - CATALOGING SOURCE
Original cataloging agency SNK
Language of cataloging slo
Transcribing agency SNK
Description conventions AACR2
041 0# - LANGUAGE CODE
Language code of text/sound track or separate title slo
044 ## - COUNTRY OF PUBLISHING/PRODUCING ENTITY CODE
MARC country code xo
ISO country code SK
080 ## - UNIVERSAL DECIMAL CLASSIFICATION NUMBER
Universal Decimal Classification number 001.92:535.1(087.5)
Edition identifier 1981
080 ## - UNIVERSAL DECIMAL CLASSIFICATION NUMBER
Universal Decimal Classification number 535.1(087.5)
Edition identifier 1981
100 1# - MAIN ENTRY--PERSONAL NAME
Personal name Ardley, Neil,
Dates associated with a name 1937-2004
Relationship aut
245 10 - TITLE STATEMENT
Title Moja kniha pokusov. Svetlo
Statement of responsibility, etc. Neil Ardley ; Peter Gomolčák, Pete Gardner
250 ## - EDITION STATEMENT
Edition statement 1. vyd.
260 ## - PUBLICATION, DISTRIBUTION, ETC.
Place of publication, distribution, etc. Bratislava
Name of publisher, distributor, etc. CHAMPAGNE AVANTGARDE
Date of publication, distribution, etc. 1992
Place of manufacture Bratislava
Manufacturer Danubiaprint
300 ## - PHYSICAL DESCRIPTION
Extent 29 s.
Dimensions 24 cm
366 ## - TRADE AVAILABILITY INFORMATION
Note 59 Kčs.
490 0# - SERIES STATEMENT
Series statement Moja kniha pokusov
Volume/sequential designation Zv. 1.
500 ## - GENERAL NOTE
General note Sazdba: FATRIN, spol. s r.o., Martin. Fot. na rozlož. tit. liste.
700 1# - ADDED ENTRY--PERSONAL NAME
Personal name Gomolčák, Peter
Relationship trl
700 1# - ADDED ENTRY--PERSONAL NAME
Personal name Gardner, Pete
Relationship bkd
942 ## - ADDED ENTRY ELEMENTS (KOHA)
Source of classification or shelving scheme Dewey Decimal Classification
Koha item type Odborná literatúra pre deti
Suppress in OPAC No
949 ## - LOCAL PROCESSING INFORMATION (OCLC)
6 17A0262291
9 P60, <04>, [BOOK], {604}
a snkSC 82726 D1
949 ## - LOCAL PROCESSING INFORMATION (OCLC)
6 3912000263
a knkjsde/Mn
b knkjs260956
949 ## - LOCAL PROCESSING INFORMATION (OCLC)
6 17A0949513
a snkSC 82726
Holdings
Stav vyradenia Strata Poškodenie Spôsob nadobudnutia Domovská knižnica Aktuálna knižnica Dátum nadobudnutia Total checkouts Čiarový kód exemplára Date last seen Typ exemplára
      Dar Obecná knižnica Horná Štubňa Obecná knižnica Horná Štubňa 03.03.2026   4736201618 03.03.2026 Odborná literatúra pre deti
Projekt je podporený Slovenskou asociáciou knižníc
Prevádzkuje Turčianska knižnica Martin 2026